Top 10 Countries With the Most Giraffes - Statistics

General Stats
  • This quiz has been taken 41 times
  • The average score is 8 of 10
Answer Stats
# Country % Correct
13,000 South Africa
97%
22,460 Tanzania
88%
34,240 Kenya
85%
8,500 Ethiopia
82%
2,100 Uganda
82%
7,000 Botswana
79%
2,600 Zambia
79%
4,800 Zimbabwe
79%
12,000 Namibia
76%
2,000 Cameroon
45%
No matching quizzes found
Score Distribution
Percent of People with Each Score
Percentile by Number Answered
Your Score History
You have not taken this quiz